00413nam a2200133Ia 4500008004100000040001600041041001200057082001900069100001900088245010600107250001200213260003800225300001600263230917s9999||||xx |||||||||||||| ||und|| e79972aMAIN aEnglish a343.0944 B469C aBhatnagar, J P 0aCommentary on the motor vehicles act 1988: as amended by act 54 of 1994 the motor vehicles rules 1989 a3rd ed. aNew DelhibAshoka Law Housec1998 axc, 1126 p.